De Colón a Bolívar / (Record no. 96082)

MARC details
000 -LEADER
campo de control de longitud fija 00697nam a2200181 i 4500
001 - NÚMERO DE CONTROL
campo de control 96082
003 - IDENTIFICADOR DE NÚMERO DE CONTROL
campo de control ES-MaACL
005 - FECHA Y HORA DE LA ÚLTIMA TRANSACCIÓN
campo de control 20230906181832.0
007 - CAMPO FIJO DE DESCRIPCIÓN FÍSICA--INFORMACIÓN GENERAL
campo de control de longitud fija t|
008 - DATOS DE LONGITUD FIJA--INFORMACIÓN GENERAL
campo de control de longitud fija 050610s1955 sp ||||1| spa d
100 1# - ENTRADA PRINCIPAL--NOMBRE DE PERSONA
Nombre de persona Madariaga, Salvador de,
Fechas asociadas al nombre 1886-1978
9 (RLIN) 75292
245 10 - MENCIÓN DEL TÍTULO
Título De Colón a Bolívar /
Mención de responsabilidad, etc. Salvador de Madariaga ; selección cronológica de trozos entresacados por el autor de sus libros: Cristobal Colón, Hernán Cortés, Cuadro histórico de las Indias y Bolívar.
260 ## - PUBLICACIÓN, DISTRIBUCIÓN, ETC.
Lugar de publicación, distribución, etc. Barcelona :
Nombre del editor, distribuidor, etc. Edhasa,
Fecha de publicación, distribución, etc. 1955.
300 ## - DESCRIPCIÓN FÍSICA
Extensión 487 p., 3 gráf. pleg. ;
Dimensiones 22 cm.
651 #4 - PUNTO DE ACCESO ADICIONAL DE MATERIA--NOMBRE GEOGRÁFICO
Nombre geográfico América española-
Subdivisión general Historia.
9 (RLIN) 7723
852 ## - LOCALIZACIÓN
Ubicación ES-MaACL
Número de control de estantería C-10318
Sublocalización o colección R.38498
Holdings
Estatus retirado Estado de pérdida Estado de daño No para préstamo Biblioteca de origen Biblioteca actual Ubicación en estantería Fecha de adquisición Fuente de adquisición Total de préstamos Signatura topográfica completa Código de barras Visto por última vez Precio de reemplazo Tipo de ítem Koha
        Biblioteca del Ateneo de Madrid Biblioteca del Ateneo de Madrid Sala Palomar 17/01/2008     C-10318 1100318 23/02/2023 23/02/2023 Libro impreso